00544nam a2200157Ia 4500008004100000082001500041100001800056245003000074250000800104260004400112300000800156650000800164942001200172999001100184952019100195191201s2009 xx 000 0 und d a658.3bAQH aAQUINES, P.G. 0aHuman Resource Management aRep aN. DelhibVikas Publication Housec2009 a326 aBBA 2ddccBK c57d57 00102ddc40708BBAaPIETbPIETd2014-02-24eDonated by Parul Gupta MBAkDonated by Parul Gupta MBAl0o658.3 AQHp23007r2019-12-04 00:00:00w2014-02-21yBKzDonated by Parul Gupta MBA